01675nam a2200385Ia 4500001001200000003000800012006001900020007001500039008004100054040002100095035002100116050002700137245013600164246008100300246002600381246007400407260006000481300001800541490005600559500002100615504005100636533015200687600001900839650004700858651002900905651004700934655002900981700002001010710001601030710003301046710002201079710001701101830004501118856012601163ebr10348711CaPaEBRm u cr cn|||||||||100924s2006 dcua sb i001 0 eng d aCaPaEBRcCaPaEBR a(OCoLC)68773863714aHG3881b.F85434 2006eb00aFinance and developmenth[electronic resource] :nVolume 43, no. 4,pAfrica :bmaking its move /c[Laura Wallace, editor-in-chief].3 aF&D :bFinance and development.nVolume 43, no. 4,pAfrica : making its move3 aFinance & development3 aAfrica making its move.nVolume 43, no. 4,pAfrica :bmaking its move aWashington, D.C. :bInternational Monetary Fund,c2006. a57 p. :bill.1 aFinance and development,x0015-1947 ;vv. 43, no. 4 a"December 2006". aIncludes bibliographical references and index. aElectronic reproduction.bPalo Alto, Calif. :cebrary,d2011.nAvailable via World Wide Web.nAccess may be limited to ebrary affiliated libraries.10aIssing, Otmar. 0aEconomic developmentzAfricaxForecasting. 0aAfricaxEconomic policy. 0aAfricaxEconomic conditionsy21st century. 7aElectronic books.2local1 aWallace, Laura.2 aWorld Bank.2 aInternational Monetary Fund.2 aWorld Bank Group.2 aebrary, Inc. 0aFinance and development ;vv. 43, no. 4.40uhttp://site.ebrary.com/lib/rucke/Doc?id=10348711zAn electronic book accessible through the World Wide Web; click to view